Nations in the 2014 Winter Olympics - Statistics

General Stats
  • This quiz has been taken 15 times
  • The average score is 78 of 88
Answer Stats
Hint Answer % Correct
America Argentina
100%
Oceania Australia
100%
America Brazil
100%
America Canada
100%
America Chile
100%
Europe France
100%
Asia Japan
100%
Oceania New Zealand
100%
America Paraguay
100%
America Peru
100%
Europe Russia
100%
America United States
100%
America Venezuela
100%
Europe Albania
91%
Europe Andorra
91%
Asia Armenia
91%
Europe Austria
91%
Asia Azerbaijan
91%
Europe Belarus
91%
Europe Belgium
91%
Europe Bosnia and Herzegovina
91%
Europe Bulgaria
91%
Asia China
91%
Europe Croatia
91%
Europe Czech Republic
91%
Europe Denmark
91%
America Dominica
91%
Europe Estonia
91%
Europe Finland
91%
Asia Georgia
91%
Europe Germany
91%
Europe Great Britain
91%
Europe Greece
91%
Europe Hungary
91%
Europe Iceland
91%
Asia India
91%
Asia Iran
91%
Europe Ireland
91%
Asia Israel
91%
Europe Italy
91%
America Jamaica
91%
Asia Kazakhstan
91%
Asia Kyrgyzstan
91%
Europe Latvia
91%
Europe Liechtenstein
91%
Europe Lithuania
91%
Europe Luxembourg
91%
Europe Macedonia
91%
America Mexico
91%
Europe Moldova
91%
Europe Monaco
91%
Europe Montenegro
91%
Asia Nepal
91%
Europe Netherlands
91%
Europe Norway
91%
Asia Pakistan
91%
Europe Poland
91%
Europe Portugal
91%
Europe Romania
91%
Europe San Marino
91%
Europe Serbia
91%
Europe Slovakia
91%
Europe Slovenia
91%
Asia South Korea
91%
Europe Spain
91%
Europe Sweden
91%
Europe Switzerland
91%
Europe Ukraine
91%
Asia Uzbekistan
91%
America Bermuda
82%
Asia Chinese Taipei
82%
Asia Cyprus
82%
Asia Lebanon
82%
Europe Malta
82%
Africa Morocco
82%
Asia Philippines
82%
Asia Tajikistan
82%
Asia Thailand
82%
Oceania Tonga
82%
Asia Turkey
82%
America Virgin Islands
82%
America British Virgin Islands
73%
America Cayman Islands
73%
Asia East Timor
73%
Asia Hong Kong
73%
Asia Mongolia
73%
Africa Togo
55%
Africa Zimbabwe
55%
No matching quizzes found
Score Distribution
Percent of People with Each Score
Percentile by Number Answered
Your Score History
You have not taken this quiz